| 000 | 00979nam1a22002171i 4500 | ||
|---|---|---|---|
| 001 | rc\3798373 | ||
| 005 | 20260407144511.0 | ||
| 035 | _a(NLR Aleph) 007245522 | ||
| 090 |
_a7769857 _c7769857 |
||
| 100 | _a20120311a19759999|||y0rusy50 ca | ||
| 101 | 0 | _arus | |
| 102 | _aRU | ||
| 105 | _ay d ||||| | ||
| 200 | 1 |
_aРефераты научно-исследовательских работ _fМ-во цв. металлургии СССР. Союззолото. Об-ние "Северовостокзолото". ВНИИ золота и ред. металлов. ВНИИ-1 |
|
| 210 |
_aМагадан _cБ. и. _d1975- |
||
| 710 | 0 | 2 |
_aВНИИ золота и редких металлов _cМагадан _3RU\NLR\AUTH\8810018900 _9535688 |
| 801 | 0 |
_aRU _bNLR _gpsbo |
|
| 801 | 1 |
_aRU _bELAR _2rusmarc |
|
| 830 | _aС 1977 (1978) издание хранится в журнальном фонде, см. шифр: П10/5537 (К-50) | ||
| 852 |
_aNLR _jШифры разные |
||
| 942 | _cBOOK | ||